000 00537nam a2200193 a 4500
001 1774863791217
003 YourLibrary
005 20260330151549.0
008 260330s2007##################000#0#eng##
020 _a9781412948418
082 0 4 _a362
_bFRA
100 1 _aFraser, Sandy,
_eauthor.
245 1 0 _aThe Critical Practitioner in Social Work and Health Care :
260 _bSAGE Publications Limited,
_c2007.
300 _a280 pages
650 0 _aSocial Science.
942 _cENGLISH
040 _aYourLibrary
_beng
_cYourLibrary
999 _c618179
_d618179